[Event "FRA-ch Blitz Online Qual"]
[Site "Europe Echecs INT"]
[Date "2020.05.16"]
[Round "8"]
[White "Grosse, Ludovic"]
[Black "Gouait, Raymond"]
[Result "1-0"]
[WhiteElo "1958"]
[BlackElo "1566"]
[PlyCount "129"]
[EventDate "2020.05.16"]
[EventType "swiss (blitz)"]
[EventRounds "15"]
[EventCountry "FRA"]
[SourceTitle "CBM 196 Extra"]
[Source "ChessBase"]
[SourceDate "2020.07.31"]
[SourceVersion "1"]
[SourceVersionDate "2020.07.31"]
[SourceQuality "1"]

1. d4 Nf6 2. Nf3 b6 3. Bf4 Bb7 4. Nbd2 d6 5. e3 e6 6. Bd3 Be7 7. c4 0-0 8. 0-0 Nbd7 9. Re1 c5 10. Qc2 h6 11. a4 cxd4 12. exd4 Rc8 13. Qb3 Nh5 14. Be3 e5 15. Rad1 Re8 16. dxe5 Nxe5 17. Nxe5 dxe5 18. Be4 Qc7 19. Bxb7 Qxb7 20. Qc3 Bf6 21. b3 e4 22. Qb4 Be7 23. Qb5 Bc5 24. a5 Bxe3 25. Rxe3 Qc7 26. Qxh5 bxa5 27. Nxe4 Re5 28. Qe2 f6 29. Nd6 Rxe3 30. Qxe3 Rd8 31. Qe6+ Kh7 32. Qf5+ Kg8 33. c5 Qe7 34. Qd5+ Kh7 35. Qd3+ Kg8 36. Qc4+ Kh7 37. Kf1 Qc7 38. Qe4+ Kg8 39. Qe6+ Kh7 40. Qf5+ Kg8 41. Re1 Qd7 42. Qxd7 Rxd7 43. Re8+ Kh7 44. Ra8 Kg6 45. c6 Rxd6 46. c7 Rd1+ 47. Ke2 Rc1 48. c8Q Rxc8 49. Rxc8 a6 50. Ra8 Kf5 51. Rxa6 Ke5 52. Rxa5+ Kd4 53. b4 Kc4 54. Ra7 Kxb4 55. Rxg7 Kc4 56. Rf7 Kd5 57. Rxf6 h5 58. Rh6 Ke4 59. Rxh5 Kf4 60. g3+ Kg4 61. Rh4+ Kg5 62. f4+ Kf5 63. Rh5+ Kg4 64. Rg5+ Kh3 65. Kf2 1-0

[Event "FRA-ch Blitz Online Qual"]
[Site "Europe Echecs INT"]
[Date "2020.05.16"]
[Round "15"]
[White "Thibous, Leo"]
[Black "Gouait, Raymond"]
[Result "0-1"]
[WhiteElo "1380"]
[BlackElo "1566"]
[PlyCount "152"]
[EventDate "2020.05.16"]
[EventType "swiss (blitz)"]
[EventRounds "15"]
[EventCountry "FRA"]
[SourceTitle "CBM 196 Extra"]
[Source "ChessBase"]
[SourceDate "2020.07.31"]
[SourceVersion "1"]
[SourceVersionDate "2020.07.31"]
[SourceQuality "1"]

1. Nf3 Nf6 2. c4 c5 3. b3 d6 4. Bb2 g6 5. g3 Bg7 6. Bg2 0-0 7. 0-0 Nc6 8. e3 e5 9. d4 exd4 10. exd4 Nd7 11. Na3 a6 12. Rb1 Re8 13. Nc2 Rb8 14. d5 Nce5 15. Nxe5 Bxe5 16. Bxe5 Nxe5 17. f4 Bg4 18. Qd2 Nd7 19. h3 Bf5 20. g4 Bxc2 21. Qxc2 Qf6 22. Rfe1 Qd4+ 23. Kh1 Qxf4 24. Rf1 Qg5 25. Qf2 f6 26. Qf3 Rf8 27. Qf4 Ne5 28. Be4 Qh4 29. Kg2 Rf7 30. Rf2 Rbf8 31. Rbf1 Kh8 32. Qg3 Qg5 33. Rf4 h5 34. h4 Qh6 35. g5 fxg5 36. Rxf7 Rxf7 37. Rxf7 Nxf7 38. hxg5 Qxg5 39. Qxg5 Nxg5 40. Bxg6 h4 41. Bf5 Kg7 42. Bc8 b6 43. Bxa6 Kf6 44. Bc8 Ke5 45. a3 Kd4 46. Ba6 Kc3 47. b4 Kb3 48. bxc5 bxc5 49. a4 Kxa4 50. Bb5+ Kb4 51. Kh2 Kc3 52. Kg2 Kd4 53. Kh2 Ke3 54. Bd7 Kf3 55. Bf5 Kf2 56. Be6 Kf3 57. Bf5 Ke3 58. Be6 Kd4 59. Bd7 Kxc4 60. Bc6 Kd4 61. Bb7 c4 62. Bc6 c3 63. Ba4 Kxd5 64. Bc2 Kd4 65. Kg2 Ke3 66. Bf5 d5 67. Bc2 d4 68. Bf5 d3 69. Bxd3 Kxd3 70. Kh2 c2 71. Kg2 c1Q 72. Kh2 Qd2+ 73. Kg1 Nf3+ 74. Kf1 Qe1+ 75. Kg2 Qg3+ 76. Kf1 Nh2# 0-1

[Event "Martinique-ch op-A 31th"]
[Site "Madiana"]
[Date "2015.05.10"]
[Round "7"]
[White "Gouait, Raymond"]
[Black "Tin, Romain"]
[Result "1/2-1/2"]
[WhiteElo "1555"]
[BlackElo "1511"]
[PlyCount "84"]
[EventDate "2015.05.10"]
[EventType "swiss"]
[EventRounds "7"]
[EventCountry "FRA"]
[SourceTitle "EXT 2016"]
[Source "ChessBase"]
[SourceDate "2015.10.08"]
[SourceVersion "1"]
[SourceVersionDate "2015.10.08"]
[SourceQuality "1"]

1. d4 d5 2. c4 dxc4 3. e3 Bf5 4. Bxc4 Nf6 5. Nc3 e6 6. Nf3 Bb4 7. 0-0 Bg4 8. Be2 0-0 9. Ne5 Bxe2 10. Nxe2 Bd6 11. b3 Bxe5 12. dxe5 Qxd1 13. Rxd1 Nd5 14. Bb2 Nc6 15. e4 Nb6 16. Rd2 Rfd8 17. Rad1 Kf8 18. a3 Ke7 19. Kf1 Rxd2 20. Rxd2 Na5 21. Nc1 Rd8 22. Bc3 Rxd2 23. Bxd2 Nc6 24. Bc3 Nd7 25. f4 Nc5 26. Bb2 Nxe4 27. Ke2 f5 28. b4 a6 29. Nd3 h6 30. Nc5 b6 31. Nxe4 fxe4 32. Ke3 a5 33. Bc3 axb4 34. Bxb4+ Nxb4 35. axb4 Kd7 36. Kxe4 g6 37. g4 c6 38. f5 gxf5+ 39. gxf5 exf5+ 40. Kxf5 c5 41. bxc5 bxc5 42. h3 Ke7 1/2-1/2

[Event "Gibraltar Masters 13th"]
[Site "Caleta"]
[Date "2015.02.01"]
[Round "6"]
[White "Gouait, Raymond"]
[Black "Beadle, John R"]
[Result "1-0"]
[WhiteElo "1595"]
[BlackElo "1694"]
[PlyCount "93"]
[EventDate "2015.01.27"]
[EventType "swiss"]
[EventRounds "10"]
[EventCountry "GGB"]
[SourceTitle "CBM 165"]
[Source "ChessBase"]
[SourceDate "2015.03.11"]
[SourceVersion "1"]
[SourceVersionDate "2015.03.11"]
[SourceQuality "1"]

1. Nf3 d6 2. d4 Nf6 3. g3 g6 4. Bg2 Bg7 5. 0-0 0-0 6. Bf4 c6 7. c4 Nbd7 8. Nc3 Nb6 9. b3 Re8 10. Rc1 d5 11. c5 Nbd7 12. Qd2 Nf8 13. Ne5 Ne6 14. Be3 Nd7 15. f4 f6 16. Nxd7 Bxd7 17. f5 Nf8 18. fxg6 hxg6 19. Bh6 Nh7 20. e4 g5 21. Bxg7 Kxg7 22. exd5 cxd5 23. Bxd5 Rb8 24. Bg2 Rh8 25. Rce1 Qe8 26. Bf3 g4 27. Bh1 Ng5 28. Rxf6 Nh3+ 29. Kf1 Kxf6 30. Nd5+ Kf7 31. Rxe7+ Qxe7 32. Nxe7 Kxe7 33. Qe3+ Kd8 34. Be4 Re8 35. Qd3 a6 36. a4 b5 37. c6 Rf8+ 38. Ke1 Be6 39. d5 Bg8 40. Qc3 Rc8 41. Qe5 Rf7 42. Qd6+ Ke8 43. Bg6 Rd8 44. Bxf7+ Bxf7 45. Qe5+ Kf8 46. c7 Re8 47. Qxe8+ 1-0